Statistics for Biggest countries with smallest population

Click here to take the quiz!

General Stats

  • This quiz has been taken 99 times
  • The average score is 14 of 20

Answer Stats

DiffCountry% Correct
114Mongolia
96%
54Kazakhstan
94%
47Australia
93%
105Namibia
88%
51Chad
86%
99Mauritania
84%
89Libya
80%
51Finland
75%
58Norway
71%
59Turkmenistan
69%
93Botswana
62%
70Central African Republic
62%
53Bolivia
60%
54Oman
59%
50Republic of the Congo
58%
67Iceland
56%
46New Zealand
53%
76Suriname
49%
79Guyana
47%
67Gabon
41%

Score Distribution

Percentile by Number Answered

Percent of People with Each Score

Your Score History

You have not taken this quiz